Derecho familiar peruano : (Registro nro. 25127)
[ vista simple ]
| 000 -Cabecera | |
|---|---|
| Campo de control interno | 00492nam a2200181Ia 4500 |
| 005 - Fecha y hora del registro | |
| control field | 20260414151129.0 |
| 008 - Elementos de Longitud Fija | |
| fixed length control field | 260414t1985||||xx |||||||||||||| ||spa|| |
| 041 ## - Idioma | |
| Codigo Idioma | ESP |
| 082 ## - DEWEY y NOTACIÓN INTERNA | |
| Dewey | 346.2 |
| Notación Interna | C78 1985 T. 2 |
| 100 ## - AUTOR | |
| Autor denominación | Cornejo Chávez, Héctor |
| Término de relación | autor |
| 245 #0 - TÍTULO DE MATERIAL BIBLIOGRÁFICO | |
| Título | Derecho familiar peruano : |
| Título paralelo | sociedad paterno filial; amparo familiar del incapaz |
| 260 ## - CIUDAD, EDITORIAL, AÑO | |
| Año | 1985 |
| 300 ## - DESCRIPCIÓN | |
| N° Páginas | 494 páginas : |
| Dimensiones | 23 cm. |
| 650 ## - TEMAS | |
| Temas | Derecho |
| 654 ## - PROGRAMAS | |
| Programa | Dpto. de Derecho y Ciencia Política |
| 942 ## - ELEMENTOS DE KOHA | |
| Tipo de documento | Libro |
| Nombre del creador | Justo Noguera |
| Código de catalogador | Justo Noguera |
| Esquema de clasificación | Dewey Decimal Classification |
| Suppress in OPAC | |
| Codigo completo | Registro | Colección | Copia número | Disponibilidad | Tipo de préstamo | Biblioteca Actual | Procedencia (Biblioteca) | Ubicacón | Fecha Ingreso | Tipo de Adquisición | Date last seen | Total checkouts | Price effective from | Tipo de Item | Estado del Material | Damaged status | Withdrawn status |
|---|---|---|---|---|---|---|---|---|---|---|---|---|---|---|---|---|---|
| 346.2 C78 1985 T. 2 | 1060312 | Universidad Católica San Pablo | 1 | Disponible | Disponible | Víctor Andrés Belaunde | Víctor Andrés Belaunde | Primer piso | 14/04/2026 | Donación | 14/04/2026 | 14/04/2026 | Libro | Bueno |




